[Event "CAMPIONATUL NATIONAL PE ECHIPE - DIVIZI"]
[Site "Mamaia "]
[Date "2019.09.29"]
[Round "9.5"]
[White "Dumitru, Matei-Ioan"]
[Black "Fluerariu, Radu-Cristian"]
[Result "1-0"]
[WhiteElo "2174"]
[BlackElo "2091"]
[PlyCount "49"]
[EventDate "2019.09.21"]
[EventType "team"]
[EventRounds "9"]
[WhiteTeam "CS  Comunal Ghiroda si Giarmata Vii"]
[BlackTeam "CS Ineu"]

1. e4 d6 2. d4 g6 3. Nc3 Bg7 4. f4 Nf6 5. Nf3 O-O 6. Bd3 Na6 7. O-O c5 8. d5
Nc7 9. Qe2 Bg4 10. h3 Bxf3 11. Qxf3 Nd7 12. a4 Na6 13. Qe2 Nb4 14. Bb5 Nf6 15.
Bc4 Nd7 16. a5 a6 17. Nd1 e6 18. c3 exd5 19. exd5 Re8 20. Be3 b5 21. axb6 Qxb6
22. cxb4 Bd4 23. b5 axb5 24. Rxa8 Rxa8 25. Bxb5 1-0

[Event "CAMPIONATUL NATIONAL PE ECHIPE - DIVIZI"]
[Site "Mamaia "]
[Date "2019.09.28"]
[Round "8.5"]
[White "Fluerariu, Radu-Cristian"]
[Black "Iustin, Silviu"]
[Result "1/2-1/2"]
[WhiteElo "2091"]
[BlackElo "1980"]
[PlyCount "64"]
[EventDate "2019.09.21"]
[EventType "team"]
[EventRounds "9"]
[WhiteTeam "CS Ineu"]
[BlackTeam "SCM  Gloria Buzau"]

1. c4 e5 2. Nc3 Nc6 3. Nf3 g6 4. d3 Bg7 5. g3 f5 6. Bg2 Nf6 7. O-O O-O 8. Rb1
h6 9. b4 d6 10. b5 Ne7 11. c5 Be6 12. Ba3 Ne8 13. Qd2 d5 14. d4 e4 15. Ne1 c6
16. bxc6 bxc6 17. Nc2 g5 18. e3 Nf6 19. Na4 Rb8 20. Rxb8 Qxb8 21. Qb4 Qc7 22.
Rb1 Nd7 23. Qb7 Qa5 24. Qb4 Qxb4 25. Rxb4 Rb8 26. Bf1 f4 27. Rxb8+ Nxb8 28. Bb4
Bc8 29. Ba5 fxg3 30. fxg3 Na6 31. a3 Kf7 32. Nb4 Nxb4 1/2-1/2

[Event "CAMPIONATUL NATIONAL PE ECHIPE - DIVIZI"]
[Site "Mamaia "]
[Date "2019.09.27"]
[Round "7.5"]
[White "Fluerariu, Radu-Cristian"]
[Black "Neagu, Liviu"]
[Result "1/2-1/2"]
[WhiteElo "2091"]
[BlackElo "2054"]
[PlyCount "112"]
[EventDate "2019.09.21"]
[EventType "team"]
[EventRounds "9"]
[WhiteTeam "CS Ineu"]
[BlackTeam "CS Universitatea Targoviste"]

1. c4 e5 2. Nc3 Nc6 3. g3 Bc5 4. Bg2 Nf6 5. d3 d6 6. Nf3 h6 7. O-O a5 8. a3 O-O
9. Rb1 Bd7 10. Bd2 Qc8 11. Qc1 Kh7 12. Nd5 Nxd5 13. cxd5 Nd4 14. Nxd4 exd4 15.
Bxa5 Re8 16. b4 Rxe2 17. bxc5 Rxa5 18. cxd6 cxd6 19. Qxc8 Bxc8 20. Rfc1 Bf5 21.
Rxb7 Rxa3 22. Rxf7 Bxd3 23. Bf1 Re5 24. Bxd3+ Rxd3 25. Rcc7 Rg5 26. h4 Rg4 27.
Kg2 Rc3 28. Rxc3 dxc3 29. Rc7 Rd4 30. Rxc3 Rxd5 31. Kf3 Kg6 32. Ke4 Re5+ 33.
Kd4 Kf6 34. Rc8 Re2 35. Rf8+ Ke7 36. Rf3 Rd2+ 37. Ke4 Ke6 38. Rf4 Ra2 39. Rf8
Ra4+ 40. Ke3 h5 41. Re8+ Kf7 42. Rd8 Ke7 43. Rg8 Rg4 44. Rh8 g6 45. Rg8 Kf6 46.
Rd8 Ke6 47. Re8+ Kd5 48. Rg8 Re4+ 49. Kd3 Re6 50. Rf8 Kc5 51. Rc8+ Kd5 52. Rf8
Ke5 53. f4+ Kd5 54. Rg8 Kc5 55. Rc8+ Kd5 56. Rg8 Kc5 1/2-1/2

[Event "CAMPIONATUL NATIONAL PE ECHIPE - DIVIZI"]
[Site "Mamaia "]
[Date "2019.09.26"]
[Round "6.6"]
[White "Fluerariu, Radu-Cristian"]
[Black "Sasarman, Augustin-Ioan"]
[Result "0-1"]
[WhiteElo "2091"]
[BlackElo "1444"]
[PlyCount "104"]
[EventDate "2019.09.21"]
[EventType "team"]
[EventRounds "9"]
[WhiteTeam "CS Ineu"]
[BlackTeam "Asociatia Sah-Club  Bistrita"]

1. Nf3 d5 2. g3 Nf6 3. Bg2 e6 4. c4 c6 5. b3 d4 6. Bb2 Qb6 7. Bxd4 c5 8. Bb2
Nc6 9. Nc3 Be7 10. O-O O-O 11. d3 Qd8 12. Nd2 Rb8 13. Na4 Nd4 14. e3 Nf5 15.
Ne4 b6 16. Be5 Nd6 17. Nxd6 Bxd6 18. Bxd6 Qxd6 19. d4 cxd4 20. Qxd4 Qc7 21.
Rfd1 Bb7 22. Qd6 Qc8 23. Nc3 Bxg2 24. Kxg2 Qb7+ 25. f3 h5 26. e4 a6 27. Qe5
Rbd8 28. Qg5 Qc7 29. Rac1 h4 30. gxh4 Nh7 31. Qe3 Qe7 32. Qf2 Qb4 33. Ne2 Nf6
34. Ng3 a5 35. Qe3 a4 36. h5 axb3 37. axb3 Ra8 38. h6 Ra2+ 39. Kh1 Qc5 40. Qxc5
bxc5 41. hxg7 Kxg7 42. Rg1 Kh6 43. Rg2 Rfa8 44. Rb1 Nd7 45. f4 Nf6 46. e5 Ng4
47. Ne4 Ra1 48. Rgg1 R8a2 49. Rge1 Rxh2+ 50. Kg1 Raa2 51. Rec1 Ne3 52. Ng3
Rag2# 0-1

[Event "CAMPIONATUL NATIONAL PE ECHIPE - DIVIZI"]
[Site "Mamaia "]
[Date "2019.09.25"]
[Round "5.5"]
[White "Fluerariu, Radu-Cristian"]
[Black "Mintau, Andrei-Catalin"]
[Result "1-0"]
[WhiteElo "2091"]
[BlackElo "2058"]
[PlyCount "69"]
[EventDate "2019.09.21"]
[EventType "team"]
[EventRounds "9"]
[WhiteTeam "CS Ineu"]
[BlackTeam "CS  Universitar  Ploiesti"]

1. c4 e5 2. Nc3 Nf6 3. g3 d5 4. cxd5 Nxd5 5. Bg2 Nb6 6. Nf3 Nc6 7. d3 Be7 8.
O-O Be6 9. Be3 Nd5 10. Nxd5 Bxd5 11. Qa4 O-O 12. Rac1 Re8 13. Nd2 Bxg2 14. Kxg2
Qd5+ 15. Nf3 Bd6 16. Qc4 Qxc4 17. Rxc4 f5 18. Rfc1 Rad8 19. Nd2 Nd4 20. Bxd4
exd4 21. Kf1 c5 22. a4 Re6 23. R4c2 Rde8 24. Nc4 Bb8 25. Rb1 f4 26. b4 fxg3 27.
hxg3 Rf6 28. Nd2 Rh6 29. bxc5 Rh2 30. Nf3 Rh1+ 31. Ng1 Rh2 32. Rxb7 Rf8 33. Nf3
Rh6 34. c6 Rc8 35. c7 1-0

[Event "CAMPIONATUL NATIONAL PE ECHIPE - DIVIZI"]
[Site "Mamaia "]
[Date "2019.09.24"]
[Round "4.6"]
[White "Fluerariu, Radu-Cristian"]
[Black "Bolintis, Mihai"]
[Result "1-0"]
[WhiteElo "2091"]
[BlackElo "2015"]
[PlyCount "83"]
[EventDate "2019.09.21"]
[EventType "team"]
[EventRounds "9"]
[WhiteTeam "CS Ineu"]
[BlackTeam "CS Muncitorul Resita"]

1. c4 e6 2. Nc3 c6 3. Nf3 d5 4. e3 Nf6 5. b3 Be7 6. Bb2 O-O 7. Qc2 Nbd7 8. Rg1
b6 9. g4 Bb7 10. h4 e5 11. Be2 e4 12. Nd4 Ne8 13. g5 Nd6 14. f3 exf3 15. Nxf3
Nc5 16. h5 f5 17. h6 g6 18. O-O-O Kf7 19. Ne5+ Ke8 20. Kb1 Bxg5 21. b4 Ne6 22.
b5 cxb5 23. cxd5 Nc7 24. Qb3 a6 25. Nc6 Bxc6 26. dxc6 Bf6 27. d4 Qe7 28. Ba3
Rd8 29. Bf3 a5 30. e4 b4 31. e5 bxa3 32. Rge1 Ne4 33. exf6 Qb4 34. Bxe4 Qxb3+
35. axb3 Kf7 36. Bxf5 Kxf6 37. Bd7 Kg5 38. Rh1 Rf3 39. Rdg1+ Kf4 40. Rf1 Ke3
41. Nd1+ Ke4 42. Rh4+ 1-0

[Event "CAMPIONATUL NATIONAL PE ECHIPE - DIVIZI"]
[Site "Mamaia "]
[Date "2019.09.23"]
[Round "3.6"]
[White "Dobre, Mihai"]
[Black "Fluerariu, Radu-Cristian"]
[Result "1-0"]
[WhiteElo "2068"]
[BlackElo "2091"]
[PlyCount "97"]
[EventDate "2019.09.21"]
[EventType "team"]
[EventRounds "9"]
[WhiteTeam "ACS Pheonix Buzau"]
[BlackTeam "CS Ineu"]

1. d4 d6 2. c4 Nf6 3. Nc3 e5 4. d5 Nbd7 5. e4 Nc5 6. Qc2 a5 7. b3 g6 8. Nf3 Bg7
9. Be2 O-O 10. Nd2 Qe7 11. a3 Ne8 12. Rb1 f5 13. b4 axb4 14. axb4 Nd7 15. O-O
Ndf6 16. f3 Nh5 17. Nb3 f4 18. Bd2 Ng3 19. Rfc1 Qh4 20. Bd3 g5 21. Be1 Rf6 22.
hxg3 fxg3 23. Bxg3 Qxg3 24. Qf2 Qxf2+ 25. Kxf2 g4 26. Ra1 Rb8 27. Ra7 b6 28.
Rca1 Bb7 29. c5 bxc5 30. bxc5 Bc8 31. R1a3 dxc5 32. Bb5 Nd6 33. Rxc7 Nxb5 34.
Nxb5 gxf3 35. Nxc5 fxg2+ 36. Kxg2 Rg6+ 37. Kf2 Rf6+ 38. Ke1 Rfb6 39. Raa7 Bf8
40. Nc3 h5 41. Nd3 h4 42. Nxe5 h3 43. Rh7 Rb3 44. Ng6 Bb7 45. Rxh3 Bb4 46. Rh8+
Kg7 47. Rxb8 Bxc3+ 48. Kd1 Kxg6 49. Rbxb7 1-0

[Event "CAMPIONATUL NATIONAL PE ECHIPE - DIVIZI"]
[Site "Mamaia "]
[Date "2019.09.22"]
[Round "2.6"]
[White "Fluerariu, Radu-Cristian"]
[Black "Fugulyan, Gergely Grigore"]
[Result "1-0"]
[WhiteElo "2091"]
[BlackElo "1887"]
[PlyCount "59"]
[EventDate "2019.09.21"]
[EventType "team"]
[EventRounds "9"]
[WhiteTeam "CS Ineu"]
[BlackTeam "CS  Universitatea Arad"]

1. c4 Nf6 2. Nc3 g6 3. d4 Bg7 4. e4 d6 5. Be2 O-O 6. Be3 c6 7. g4 e5 8. d5 cxd5
9. cxd5 Qa5 10. f3 Ne8 11. Qd2 f5 12. gxf5 gxf5 13. h4 f4 14. Bf2 h5 15. Nh3 a6
16. Ng5 b5 17. Rg1 Nd7 18. Ne6 Rf7 19. a3 b4 20. Na2 Nf8 21. Nxf8 Kxf8 22. Nxb4
Bf6 23. Nc6 Qxd2+ 24. Kxd2 a5 25. b4 axb4 26. axb4 Rxa1 27. Rxa1 Bb7 28. b5 Nc7
29. Ra7 Bxc6 30. dxc6 1-0

[Event "CAMPIONATUL NATIONAL PE ECHIPE - DIVIZI"]
[Site "Mamaia "]
[Date "2019.09.21"]
[Round "1.6"]
[White "Balan, Bogdan"]
[Black "Fluerariu, Radu-Cristian"]
[Result "1/2-1/2"]
[WhiteElo "2043"]
[BlackElo "2091"]
[PlyCount "142"]
[EventDate "2019.09.21"]
[EventType "team"]
[EventRounds "9"]
[WhiteTeam "ACS  Viitorul Urziceni"]
[BlackTeam "CS Ineu"]

1. d4 Nf6 2. c4 d6 3. Nc3 Nbd7 4. Nf3 e5 5. e3 g6 6. g3 Bg7 7. Bg2 O-O 8. O-O
Re8 9. b3 c6 10. Bb2 Qc7 11. Qc2 Nf8 12. Rfe1 Bf5 13. e4 Bg4 14. d5 Bxf3 15.
Bxf3 c5 16. Bg2 Qe7 17. Nd1 N8d7 18. Ne3 h6 19. a3 Kh7 {(=)} 20. b4 b6 21. b5
Qd8 22. a4 Qc7 23. Bc3 Rf8 24. a5 Qb7 25. a6 Qc7 26. Bh3 Rae8 27. Ng2 Qd8 28.
Nh4 Ng8 29. Ra3 Bf6 30. Ng2 Bg7 31. f4 Qe7 32. f5 g5 33. Ne3 Ngf6 34. Bg2 Rg8
35. Bf3 Bh8 36. h3 Qf8 37. Kf2 h5 38. Rh1 Qh6 39. Raa1 Kg7 40. Bd2 Kf8 41. Rag1
Qh7 42. Qc1 Ke7 43. Nc2 Qg7 44. Qd1 Qh7 45. Ke2 Kd8 46. Kd3 Kc7 47. Ne1 Kb8 48.
Qc1 Qg7 49. Bd1 Kc7 50. Nf3 Nh7 51. Be3 Ndf8 52. Nd2 Nf6 53. Be2 N8d7 54. Qd1
Qh7 55. Nf1 Nf8 56. Bc1 N8d7 57. Nd2 Bg7 58. Nf3 Bh6 59. Ne1 Bf8 60. Nf3 Bh6
61. g4 h4 62. Nxh4 Nxe4 63. Kxe4 Nf6+ 64. Kd3 gxh4 65. Kc2 Ne4 66. Rh2 f6 67.
Re1 Ng3 68. Bf3 Bxc1 69. Qxc1 Qg7 70. Be4 Qg5 71. Qxg5 Rxg5 1/2-1/2

[Event "12th Arad Open 2019"]
[Site "Arad ROU"]
[Date "2019.07.27"]
[Round "5.19"]
[White "Dicu, Razvan Stefan"]
[Black "Fluerariu, Radu-Cristian"]
[Result "1/2-1/2"]
[WhiteElo "2286"]
[BlackElo "2021"]
[PlyCount "106"]
[EventDate "2019.07.24"]

1. e4 d6 2. d4 g6 3. Nc3 Bg7 4. Be3 a6 5. h4 h6 6. Qd2 b5 7. O-O-O Bb7 8. f3
Nd7 9. Kb1 Rc8 10. d5 c5 11. dxc6 Bxc6 12. Bd4 Bxd4 13. Qxd4 Ngf6 14. Nge2 Qb6
15. Qxb6 Nxb6 16. Nd4 Bb7 17. Nb3 Rc7 18. Rd4 Nfd7 19. a4 bxa4 20. Nxa4 O-O 21.
Nxb6 Nxb6 22. Rb4 Nd7 23. c3 Rb8 24. Be2 Bc8 25. Rxb8 Nxb8 26. Kc2 Kg7 27. Ra1
Kf6 28. Ra4 g5 29. hxg5+ hxg5 30. Nd2 g4 31. f4 e5 32. fxe5+ dxe5 33. Nc4 Bd7
34. Rb4 Bb5 35. Ne3 Kg5 36. Bxb5 axb5 37. Rxb5 Nd7 38. b4 Ra7 39. Ra5 Rxa5 40.
bxa5 Kf4 41. Nc4 Nc5 42. Nd6 Kg3 43. Nxf7 Kxg2 44. Nxe5 g3 45. Nd3 Kf3 46. e5
Nxd3 47. a6 g2 48. a7 Ne1+ 49. Kd2 g1=Q 50. a8=Q+ Kf4 51. Qf8+ Ke4 52. Qa8+ Kf4
53. Qf8+ Kxe5 1/2-1/2

[Event "12th Arad Open 2019"]
[Site "Arad ROU"]
[Date "2019.07.25"]
[Round "2.18"]
[White "Fluerariu, Radu-Cristian"]
[Black "Peptan, Corina-Isabela"]
[Result "0-1"]
[WhiteElo "2021"]
[BlackElo "2375"]
[PlyCount "78"]
[EventDate "2019.07.24"]

1. Nf3 d5 2. g3 c6 3. Bg2 Nf6 4. O-O Bf5 5. d3 h6 6. b3 e6 7. Bb2 Be7 8. Nbd2
O-O 9. c4 Nbd7 10. a3 a5 11. Ra2 Re8 12. Qa1 Bf8 13. Rd1 Qb6 14. e4 Bg4 15. h3
Bxf3 16. Bxf3 dxe4 17. dxe4 e5 18. Rf1 Qc7 19. Bg2 Nc5 20. Bc3 Rad8 21. f4 Nd3
22. f5 Nc5 23. Kh2 Rd7 24. Rc2 Nd3 25. Rd1 Bc5 26. Nf1 Qb6 27. Nd2 Be3 28. Qb1
Red8 29. b4 axb4 30. axb4 Nf2 31. c5 Qc7 32. Rf1 N2g4+ 33. hxg4 Bxd2 34. Kh3
Bxc3 35. Rxc3 Rd2 36. Bf3 Nh7 37. Bg2 Qd7 38. Re3 Ng5+ 39. Kh2 Rxg2+ 0-1

[Event "Campionatele Nationale pe echipe de jun"]
[Site "Iasi"]
[Date "2019.07.16"]
[Round "5.2"]
[White "Fluerariu, Radu-Cristian"]
[Black "Tudoroiu, Razvan-Catalin"]
[Result "1-0"]
[WhiteElo "2021"]
[BlackElo "1477"]
[PlyCount "67"]
[EventDate "2019.07.13"]
[EventType "team"]
[EventRounds "5"]
[WhiteTeam "Cs Medicina Timisoara"]
[BlackTeam "Sah Club Galati"]

1. e4 c5 2. Be2 Nc6 3. f4 d5 4. d3 dxe4 5. dxe4 Qxd1+ 6. Bxd1 Nf6 7. Nc3 e6 8.
Be3 a6 9. Bf3 e5 10. Nd5 Nxd5 11. exd5 Nd4 12. O-O-O Nxf3 13. Nxf3 exf4 14.
Bxf4 Bg4 15. Rde1+ Kd8 16. Ne5 Bh5 17. g4 Bg6 18. h4 f6 19. Nxg6 hxg6 20. g5
Kd7 21. Re6 Be7 22. Rhe1 Rhe8 23. gxf6 gxf6 24. Kd2 g5 25. hxg5 fxg5 26. Bg3 c4
27. Rb6 Ra7 28. Rg6 Raa8 29. Rb6 Ra7 30. Rh6 g4 31. Rh7 Kd8 32. Rhxe7 Rxe7 33.
Bh4 b5 34. d6 1-0

[Event "Campionatele Nationale pe echipe de jun"]
[Site "Iasi"]
[Date "2019.07.15"]
[Round "4.2"]
[White "Stefan, Mihai"]
[Black "Fluerariu, Radu-Cristian"]
[Result "0-1"]
[WhiteElo "2122"]
[BlackElo "2021"]
[PlyCount "142"]
[EventDate "2019.07.13"]
[EventType "team"]
[EventRounds "5"]
[WhiteTeam "Csu Ploiesti"]
[BlackTeam "Cs Medicina Timisoara"]

1. d4 Nf6 2. c4 d6 3. Nc3 e5 4. dxe5 dxe5 5. Qxd8+ Kxd8 6. e4 Nfd7 7. Nf3 f6 8.
Be3 c6 9. O-O-O Kc7 10. Ne1 Bc5 11. Rg1 Bxe3+ 12. fxe3 Nc5 13. g4 Ne6 14. Nf3
g5 15. Be2 a5 16. h4 h6 17. Rh1 Rg8 18. hxg5 hxg5 19. Rh6 Nd7 20. Nh2 b6 21.
Nf1 Bb7 22. Ng3 Rh8 23. Rdh1 Rxh6 24. Rxh6 Rf8 25. a3 Rf7 26. b4 axb4 27. axb4
Nef8 28. Kc2 Rh7 29. Rh5 Rf7 30. b5 Ng6 31. Rh6 Nh4 32. Nf5 Nxf5 33. exf5 Nc5
34. Bf3 cxb5 35. Bd5 Rf8 36. Rh7+ Kb8 37. cxb5 Rc8 38. Bxb7 Nxb7 39. Rf7 Nd6
40. Rxf6 Rxc3+ 41. Kb2 Rd3 42. Rg6 Nc4+ 43. Kc2 Rxe3 44. Rxg5 Rf3 45. Rg6 e4
46. Re6 Rf4 47. Kc3 Ne3 48. Rxb6+ Kc7 49. Re6 Nxg4 50. Kd2 e3+ 51. Ke1 Rxf5 52.
Re4 Rg5 53. Ke2 Kb6 54. Rb4 Ka5 55. Rb1 Rxb5 56. Ra1+ Kb6 57. Ra4 Rg5 58. Re4
Kc5 59. Ra4 Kd6 60. Re4 Kd5 61. Ra4 Ke5 62. Rb4 Kf5 63. Rb5+ Kf4 64. Rb4+ Kg3
65. Re4 Ra5 66. Re8 Ra2+ 67. Ke1 Kf3 68. Rf8+ Ke4 69. Rb8 Nf6 70. Rf8 Nd5 71.
Re8+ Kd3 0-1

[Event "Campionatele Nationale pe echipe de jun"]
[Site "Iasi"]
[Date "2019.07.14"]
[Round "2.2"]
[White "Bobocea, Laurentiu-Vlad"]
[Black "Fluerariu, Radu-Cristian"]
[Result "1-0"]
[WhiteElo "1908"]
[BlackElo "2021"]
[PlyCount "113"]
[EventDate "2019.07.13"]
[EventType "team"]
[EventRounds "5"]
[WhiteTeam "Css Viitorul Cluj"]
[BlackTeam "Cs Medicina Timisoara"]

1. d4 Nf6 2. c4 g6 3. Nc3 d5 4. cxd5 Nxd5 5. e4 Nxc3 6. bxc3 Bg7 7. Bc4 c5 8.
Ne2 O-O 9. O-O Nc6 10. Be3 Qc7 11. Rc1 Rd8 12. Bf4 Qa5 13. Qb3 Nxd4 14. Bxf7+
Kh8 15. cxd4 cxd4 16. Nxd4 Rxd4 17. Bxg6 hxg6 18. Rxc8+ Rxc8 19. Qh3+ Kg8 20.
Qxc8+ Kh7 21. Qxb7 Qa4 22. Qxe7 Rxe4 23. Qh4+ Kg8 24. Qd8+ Kh7 25. g3 Qxa2 26.
Rc1 Qe6 27. Qh4+ Kg8 28. Qd8+ Kh7 29. Qa8 a6 30. Kg2 Ra4 31. Qc6 Qxc6+ 32. Rxc6
Ra2 33. Rc7 Kg8 34. Be3 a5 35. Ra7 a4 36. Kf3 Ra1 37. Bc5 Bb2 38. Kg4 Rc1 39.
Bd6 Rc6 40. Be7 Re6 41. f4 Bc3 42. Kg5 Bd2 43. Bf6 Be3 44. Rxa4 Kf7 45. Bc3 Bg1
46. Ra2 Rc6 47. Be5 Bc5 48. Rb2 Be7+ 49. Kg4 Ke6 50. h4 Ra6 51. Rb8 Kf7 52. Rh8
Bc5 53. Rh7+ Ke6 54. Rg7 Kd5 55. Kg5 Ra3 56. g4 Bf2 57. Rxg6 1-0

[Event "Campionatele Nationale pe echipe de jun"]
[Site "Iasi"]
[Date "2019.07.14"]
[Round "3.2"]
[White "Fluerariu, Radu-Cristian"]
[Black "Paraschiv, Petronela-Alexandra"]
[Result "0-1"]
[WhiteElo "2021"]
[BlackElo "1810"]
[PlyCount "110"]
[EventDate "2019.07.13"]
[EventType "team"]
[EventRounds "5"]
[WhiteTeam "Cs Medicina Timisoara"]
[BlackTeam "Csu UVT Timisoara"]

1. e4 d6 2. d4 Nf6 3. Bd3 g6 4. Nf3 Bg7 5. O-O O-O 6. Nbd2 c6 7. Re1 Qc7 8. c3
Re8 9. a4 e5 10. Qc2 Nbd7 11. a5 Rb8 12. Nf1 b6 13. axb6 axb6 14. Ng3 b5 15. h3
c5 16. Be3 c4 17. Bf1 Bb7 18. Nd2 Ra8 19. Rxa8 Rxa8 20. b3 d5 21. dxe5 Nxe5 22.
f4 Ned7 23. e5 Ne8 24. Nf3 Rc8 25. b4 Nf8 26. Nd4 Bc6 27. Nge2 f6 28. Nxc6 Qxc6
29. Bd4 fxe5 30. fxe5 Ne6 31. Qd2 Rc7 32. g3 Rf7 33. Bg2 N8c7 34. Qe3 Qe8 35.
Kh2 Rf5 36. Nf4 Bh6 37. Rf1 Bxf4 38. gxf4 Qf7 39. Bb6 Rxf4 40. Rxf4 Nxf4 41.
Bxc7 Nxg2 42. Kxg2 Qxc7 43. Qd4 Qc6 44. Kg3 Kf7 45. Qa7+ Ke6 46. Qg7 Kf5 47.
Qxh7 Kxe5 48. Qh8+ Kf5 49. Qd8 Qe6 50. Qf8+ Qf6 51. Qc8+ Ke4 52. Qg4+ Ke3 53.
h4 Qf2+ 54. Kh3 Qf3+ 55. Qxf3+ Kxf3 0-1

[Event "ch-ROU U20 2019"]
[Site "Calimanesti-Caciulata ROU"]
[Date "2019.04.22"]
[Round "10.2"]
[White "Fluerariu, Radu-Cristian"]
[Black "Geiger, Alex-Emanuel"]
[Result "1/2-1/2"]
[WhiteElo "2002"]
[BlackElo "2212"]
[PlyCount "25"]
[EventDate "2019.04.15"]

1. e4 d5 2. exd5 Qxd5 3. Nc3 Qd6 4. Bc4 c6 5. d4 Nf6 6. Nge2 Bf5 7. Bf4 Qb4 8.
Bb3 e6 9. f3 h6 10. Qd2 Nbd7 11. O-O-O Nb6 12. Ng3 Bg6 13. Qe2 1/2-1/2

[Event "Campionatele Nationale de sah pentru co"]
[Site "Calimanesti-Caciulata"]
[Date "2019.04.21"]
[Round "9.3"]
[White "Sandu, Marian-Catalin"]
[Black "Fluerariu, Radu-Cristian"]
[Result "1/2-1/2"]
[WhiteElo "2103"]
[BlackElo "2002"]
[PlyCount "114"]
[EventDate "2019.04.15"]
[EventRounds "9"]

1. d4 d6 2. Nf3 Bg4 3. g3 Bxf3 4. exf3 g6 5. Bg2 Bg7 6. f4 c6 7. O-O Nf6 8. b3
O-O 9. Bb2 Nbd7 10. Re1 a5 11. a4 Re8 12. Nd2 Qc7 13. Nc4 Nb6 14. Ne3 Nbd5 15.
Qd2 Nxe3 16. fxe3 d5 17. c4 e6 18. Bc3 Bf8 19. Reb1 Reb8 20. Bf3 Qb6 21. Kg2
Bb4 22. Bxb4 Qxb4 23. Qxb4 axb4 24. c5 Ra5 25. Rc1 Kf8 26. g4 Ke7 27. h4 Kd7
28. Ra2 Rh8 29. g5 Ng8 30. h5 Ne7 31. Rh1 Rf8 32. hxg6 hxg6 33. Bg4 Nf5 34. Kf3
Ne7 35. Rh7 Nf5 36. Rah2 Raa8 37. R2h3 Rad8 38. Ke2 Ne7 39. Kd3 Rb8 40. Rh2 Ra8
41. Bf3 Kc7 42. Bg4 Kd7 43. R2h6 Rad8 44. Kd2 Rc8 45. Ke2 Rcd8 46. Kd3 Rc8 47.
Rg7 Ke8 48. Rhh7 Nf5 49. Bxf5 exf5 50. Rh6 Rb8 51. Rgh7 Rd8 52. Rh1 Ra8 53. Rh8
Ke7 54. Rxf8 Rxf8 55. a5 Ra8 56. Ra1 Kd7 57. Ra2 Ra7 1/2-1/2

[Event "Campionatele Nationale de sah pentru co"]
[Site "Calimanesti-Caciulata"]
[Date "2019.04.20"]
[Round "8.1"]
[White "Albu, George"]
[Black "Fluerariu, Radu-Cristian"]
[Result "1/2-1/2"]
[WhiteElo "2019"]
[BlackElo "2002"]
[PlyCount "99"]
[EventDate "2019.04.15"]
[EventRounds "9"]

1. d4 d6 2. e4 Nf6 3. Nc3 c6 4. f4 Qa5 5. Bd3 e5 6. Nf3 Nbd7 7. O-O Be7 8. Kh1
O-O 9. Be3 Qc7 10. b4 Re8 11. Rb1 a6 12. Qd2 exd4 13. Bxd4 c5 14. bxc5 dxc5 15.
Be3 c4 16. Be2 Bc5 17. e5 Ng4 18. Bd4 b5 19. a4 Rd8 20. axb5 Nb6 21. Ne4 Bxd4
22. Nxd4 Nxe5 23. Qe3 Nd5 24. Qf2 Ng4 25. Bxg4 Bxg4 26. bxa6 Rxa6 27. f5 Rh6
28. g3 Nf6 29. Nxf6+ Rxf6 30. c3 g6 31. Qf4 Qxf4 32. Rxf4 Bxf5 33. Nxf5 Rxf5
34. Rxf5 gxf5 35. Rb4 Rc8 36. Rb5 Re8 37. Rc5 Re4 38. Kg2 f4 39. Rc6 Kg7 40.
Kf2 f6 41. g4 Kf7 42. h4 h5 43. gxh5 f3 44. Kxf3 Rxh4 45. Rc7+ Ke6 46. Kg3 Rxh5
47. Rxc4 Kd6 48. Rc8 Rc5 49. Rxc5 Kxc5 50. Kf4 1/2-1/2

[Event "Campionatele Nationale de sah pentru co"]
[Site "Calimanesti-Caciulata"]
[Date "2019.04.19"]
[Round "7.3"]
[White "Fluerariu, Radu-Cristian"]
[Black "Vasiesiu, Victor"]
[Result "0-1"]
[WhiteElo "2002"]
[BlackElo "2241"]
[PlyCount "60"]
[EventDate "2019.04.15"]
[EventRounds "9"]

1. c4 e5 2. Nc3 Nc6 3. Nf3 Nf6 4. e4 Bc5 5. Nxe5 Nxe5 6. d4 Bb4 7. dxe5 Nxe4 8.
Qf3 Nxc3 9. bxc3 Ba5 10. Ba3 Qg5 11. Be2 Qxe5 12. O-O d6 13. c5 O-O 14. Rad1
dxc5 15. Rd5 Qxc3 16. Qxc3 Bxc3 17. Rxc5 Re8 18. Bb5 Re5 19. Rxc3 Rxb5 20. Rxc7
Be6 21. Rc5 Rxc5 22. Bxc5 b6 23. Be3 Bxa2 24. Ra1 Bd5 25. h3 Kf8 26. Rc1 Ke7
27. Rc7+ Kd8 28. Rxa7 Rxa7 29. Bxb6+ Rc7 30. Bxc7+ Kxc7 0-1

[Event "Campionatele Nationale de sah pentru co"]
[Site "Calimanesti-Caciulata"]
[Date "2019.04.19"]
[Round "6.2"]
[White "Miloi, Pavel-Dan"]
[Black "Fluerariu, Radu-Cristian"]
[Result "1/2-1/2"]
[WhiteElo "2062"]
[BlackElo "2002"]
[PlyCount "56"]
[EventDate "2019.04.15"]
[EventRounds "9"]

1. e4 c5 2. Nf3 Nc6 3. d4 cxd4 4. Nxd4 Nf6 5. Nc3 e5 6. Ndb5 d6 7. Bg5 a6 8.
Na3 b5 9. Nd5 Be7 10. Bxf6 Bxf6 11. c3 Ne7 12. Nxe7 Bxe7 13. Be2 O-O 14. O-O
Be6 15. Bf3 Qb6 16. Nc2 Rfd8 17. Ne3 Bg5 18. Nd5 Qb7 19. g3 Bxd5 20. Qxd5 Qxd5
21. exd5 Rab8 22. h4 Bh6 23. Be2 a5 24. a4 bxa4 25. Rfb1 Bd2 26. Bd3 Rdc8 27.
Rxa4 Rc5 28. c4 g6 1/2-1/2

[Event "Campionatele Nationale de sah pentru co"]
[Site "Calimanesti-Caciulata"]
[Date "2019.04.18"]
[Round "5.2"]
[White "Geiger, Alex-Emanuel"]
[Black "Fluerariu, Radu-Cristian"]
[Result "1/2-1/2"]
[WhiteElo "2212"]
[BlackElo "2002"]
[PlyCount "28"]
[EventDate "2019.04.15"]
[EventRounds "9"]

1. d4 Nf6 2. Nc3 d5 3. Bf4 e6 4. Nb5 Na6 5. e3 c6 6. Nc3 Nc7 7. Nf3 Be7 8. Bd3
O-O 9. h3 a5 10. O-O b5 11. e4 b4 12. e5 bxc3 13. exf6 Bxf6 14. bxc3 Ba6
1/2-1/2

[Event "Campionatele Nationale de sah pentru co"]
[Site "Calimanesti-Caciulata"]
[Date "2019.04.17"]
[Round "3.1"]
[White "Fluerariu, Radu-Cristian"]
[Black "Albu, George"]
[Result "0-1"]
[WhiteElo "2002"]
[BlackElo "2019"]
[PlyCount "118"]
[EventDate "2019.04.15"]
[EventRounds "9"]

1. d4 Nf6 2. c4 g6 3. Nc3 Bg7 4. e4 d6 5. Be2 O-O 6. Be3 c6 7. g4 Qa5 8. f3 h5
9. g5 Ne8 10. Qd2 Nd7 11. h4 a6 12. Nh3 b5 13. a3 bxc4 14. Bxc4 Qc7 15. Rc1 a5
16. Be2 Qb8 17. f4 Nb6 18. Nf2 Nc7 19. Bd3 d5 20. e5 e6 21. Na2 Ba6 22. b3 a4
23. Nb4 Bb5 24. bxa4 Rxa4 25. Nxc6 Bxc6 26. Rxc6 Rc8 27. O-O Nc4 28. Qe2 Nb5
29. Bxc4 Rxc4 30. Rxc4 Rxc4 31. Rb1 Qe8 32. Qd3 Bf8 33. a4 Na3 34. Rb7 Qxa4 35.
Qb3 Qxb3 36. Rxb3 Nc2 37. Bd2 Nxd4 38. Rd3 Bc5 39. Kg2 Nf5 40. Nd1 Nxh4+ 41.
Kh3 Nf5 42. Rc3 Rxc3+ 43. Bxc3 Kf8 44. Nb2 Be3 45. Nd3 Ke7 46. Kg2 Kd7 47. Kf3
Bb6 48. Nb4 Ne7 49. Na6 Nc6 50. Bb4 Nd4+ 51. Kg2 Kc6 52. Nb8+ Kb5 53. Bd6 Nf5
54. Nd7 Bd8 55. Kf3 Kc4 56. Bc5 Kd3 57. Bb6 Bxb6 58. Nxb6 d4 59. Na4 Kc2 0-1

[Event "Campionatele Nationale de sah pentru co"]
[Site "Calimanesti-Caciulata"]
[Date "2019.04.17"]
[Round "4.3"]
[White "Fluerariu, Radu-Cristian"]
[Black "Sandu, Marian-Catalin"]
[Result "1/2-1/2"]
[WhiteElo "2002"]
[BlackElo "2103"]
[PlyCount "57"]
[EventDate "2019.04.15"]
[EventRounds "9"]

1. c4 Nf6 2. g3 g6 3. Bg2 Bg7 4. Nc3 c5 5. Nf3 O-O 6. O-O Nc6 7. d4 cxd4 8.
Nxd4 a6 9. e4 Nxd4 10. Qxd4 d6 11. Qd3 Ng4 12. Bd2 b5 13. cxb5 axb5 14. Nxb5
Bxb2 15. Rab1 Bg7 16. Qc2 Ba6 17. h3 Ne5 18. a4 Qd7 19. Rfc1 Rfc8 20. Qb3 Rxc1+
21. Rxc1 Rb8 22. Rb1 h5 23. Kh2 Rc8 24. Bf4 Rc5 25. Be3 Rc8 26. Na7 Ra8 27. Nb5
Rc8 28. Na7 Ra8 29. Nb5 1/2-1/2